000 00340pam a2200157a 44500
008 230515b1904 xxu||||| |||| 00| 0 eng d
020 _aNULL
041 _aMARATHI
082 _a1
100 _aGARDHE
245 _aSHARTH MADHAVNIDAN
250 _a1
260 _aSANGALI
_bN.D.
_c1904
300 _a100
650 _aSHARTH MADHAVNIDAN
999 _c496936
_d496936